000 00528nam a2200181Ia 4500
005 20250609123733.0
008 008 250516s9999 xx 000 0 eng d
020 _a9788175966314
040 _beng
_cSDCL
041 _aeng
_2eng
084 _aV:(G:55).2'P P9
100 _aDangwal, Dhirendra Datt
_9258175
245 0 _aHimalayan degradation :
_bColonial forestry and environmental change in India
260 _aDelhi :
_bFoundation Books,
_c2009.
300 _axii, 324p.
650 _aReference
942 _cTEXL
_2CC
999 _c1429260
_d1429260